000
00325nam a22001337a 4500
008
181025b xxu||||| |||| 00| 0 eng d
020
_a
9780890420256
041
_a
eng
080
_2
4 ED
_a
610
100
_a
4
101
_a
SHM
245
_a
Diagnostic Statistical Manualn Of Mental Disordes
_c
Melvin.S
942
_2
udc
_c
BK
999
_c
50941
_d
50941